000 01053nam a22002417a 4500
005 20080609102050.0
008 080609t xxu||||| |||| 00| f hin d
010 _aHIN-83437
020 _a9788190621779
_c300.00
035 _aHN-55783
037 _bDBAD / PUB
040 _aDPL
_bHN
082 _aउ / अरोड़ा
100 _aअरोड़ा, आशा
245 _aस्त्रीत्व के बंधना /
_cआशा अरोड़ा
246 _aStritva ke bandhan
_bby Asha Arora
260 _aजयपुर
_bअरावली प्रकाशन
_c2008
270 _aसी-37, बर्फखाना, राजापार्क
_bजयपुर
300 _a247पृ
_c22सेमी (सजिल्द)
650 _aHindi Novels
942 _2ddc
_cHN
_h
_mअरोड़ा
999 _c13513
_d13513